000 00444ntaaa2200169 4500
003 01
005 20251027202435.0
008 0714s1973 ag 01
040 _aAR-BaBN
_bspa
_cAR-BaBN
_eaacr
_dRIC
082 _a265.8000 B51
100 _aBingham, Rowland
_923269
245 _aBiblia y el cuerpo, o la sanidad en las Sagradas Escrituras
250 _a1 ed. :
_bCBP,
_c1956
300 _a102 p.
650 _aSanidad Divina
_91812
942 _cBK
999 _c19370
_d19370